05379nam a2200637 i 4500003000900000005001700009008004100026020001800067040002800085082002200113100004900135245015300184250002100337260003800358300006100396490008300457504004400540650005700584650005600641650006200697650004500759651004300804700004700847700004300894700004500937942001200982999001500994952013601009952012601145952012001271952013301391952013301524952013001657952013001787952013101917952013002048952013102178952013102309952013002440952012902570952012702699952013402826952012902960952013403089952013803223952013203361952013103493952013203624952013203756952013203888952017704020952013304197952015104330952012704481952013304608CO-ViMGA20230915224425.0201202s2020 ck ado er 000 0 spa d a9789586656399 aCO-ViMGAbspacCO-ViMGA04a303.66 bB83p2221 aBuitrago Rojas, Andrea Paolaeautora916198013aLa paz desde abajo :bbreve historia, impacto y participacion de los movimientos sociales en Colombia /cAndrea Paola Buitrago Rojas [y otros tres] aEdicion especial aBogota :bSiglo del Hombre,c2020 a259 paginasbilustraciones, graficas, fotografiasc24 cm0 aPlan Nacional de Lectura y Escritura Leer es mi Cuento / Ministerio de Cultura aIncluye bibliografia al final del texto172LEMBaConflicto armado xHistoria zColombia 923060172LEMBaDerechos humanosxHistoria zColombia 920495172LEMBaMovimientos sociales xHistoria zColombia 9156420172LEMBaPaz xHistoria zColombia 916185114aColombia xCondiciones sociales 936451 aCundumi DiĀ­az, Marcelinaeautora 91619821 aYate Yara, Marco Tulioeautor 91619811 aYaya Cuervo, Rosa Liliaeautora 9161983 2ddccBK c9062d9062 00102ddc40708GENaMEGRANADbMEGRANADcSOCd2022-11-11l0o303.66pGRA-for'2020'13515r2022-11-11 00:00:00tEj.1w2022-11-11yBK 00102ddc40708GENaMEPRICObMEPRICOcGENd2022-12-05o30366 B83ppPR0000084r2022-12-05 00:00:00tEj.1w2022-12-05yBK 00102ddc4070aMEDORADObMEDORADOd2022-12-09l0o30366 B83ppDOR00135r2022-12-09 00:00:00tEj.1w2022-12-09yBK 00102ddc40708GENaMEPLLERASbMEPLLERAScGENd2023-02-23l0o303.66 B83ppPLL00166r2023-02-23 00:00:00tEj.1w2023-02-23yBK 00102ddc40708GENaMEGUAMALbMEGUAMALcGENd2023-03-09l0o303.66 B83ppGUA002093r2023-03-09 00:00:00tEj.1w2023-03-09yBK 00102ddc40708GENaMESMARTIbMESMARTIcGENd2023-03-29l0o303.66 B83ppSM00982r2023-03-29 00:00:00tEj.1w2023-03-29yBK 00102ddc40708GENaMEFTEORObMEFTEOROcGENd2023-05-02l0o303.66 B83ppFo00130r2023-05-02 00:00:00tEj.1w2023-05-02yBK 00102ddc40708GENaMEVHERMObMEVHERMOcGENd2023-06-15l0o303.66 B83ppVIS00113r2023-06-15 00:00:00tEj.1w2023-06-15yBK 00102ddc40708GENaMEMACAREbMEMACAREcGENd2023-07-12l0o303.66 B83ppLM00087r2023-07-12 00:00:00tEj.1w2023-07-12yBK 00102ddc40708GENaMESARAMAbMESARAMAcGENd2023-07-27l0o303.66 B83ppSJA00667r2023-07-27 19:37:46tEj.1w2023-07-27yBK 00102ddc40708GENaMECUBARRbMECUBARRcGENd2023-08-03l0o303.66 B83ppCUB02186r2023-08-03 20:37:47tEj.1w2023-08-03yBK 00102ddc40708GENaMECASTILbMECASTILcGENd2023-08-26l0o303.66 B83ppEC01477r2023-08-26 19:40:22tEj.1w2023-08-26yBK 00102ddc40708001aMEVIGACOMbMEVIGACOMd2021-03-12g12327.00l0o303.66 B83pp34568r2021-03-12 00:00:00w2021-03-12yBK 00102ddc40708003aMEVIECARbMEVIECARd2021-03-12g12327.00l0o303.66 B83pp39054r2021-08-10 00:00:00w2021-08-10yBK 00102ddc40708GENaMEMAPIRIbMEMAPIRIcGENd2024-01-09l0o303.66 B83ppMAP00001058r2024-01-09 20:34:01tEj.1w2024-01-09yBK 00102ddc40708GENaMEURIBEbMEURIBEcGENd2024-07-10l0o303.66 B83ppURI00183r2024-07-10 11:38:56tEj.1w2024-07-10yBK 00102ddc40708GENaMECASARIbMECASARIcGENd2024-11-10l0o303.66 - B83PpBM0001150r2024-11-10 16:53:31tEj.1w2024-11-10yBK 001040708001aMEVIGERRbMEVIGERRcGENd2021-09-01o303.66 B83ppECA28054r2024-11-25 15:07:13tEj.1w2024-11-25yBKz21150 | 27019 00102ddc40708GENaMEACACIAbMEACACIAcGENd2025-02-24l0o303.66 B83ppACA02246r2025-02-24 07:58:56tEj.1w2025-02-24yBK 00102ddc40708GENaMESGUARObMESGUAROcGENd2025-03-04l0o303.66 B83ppSG02584r2025-03-04 14:57:48tEj.1w2025-03-04yBK 00102ddc40708GENaMEPLOPEZbMEPLOPEZcGENd2025-04-14l0o303.66 B83ppPLZ00297r2025-04-14 15:12:35tEj.1w2025-04-14yBK 00102ddc40708GENaMECLANUEbMECLANUEcGENd2025-05-13l0o303.66 B83ppCLN00195r2025-05-13 16:57:10tEj.1w2025-05-13yBK 00102ddc40708GENaMERESTREbMERESTREcGENd2025-06-24l0o303.66 B83ppRES00219r2025-06-24 11:44:32tEj.1w2025-06-24yBK 00102ddc40708GENaMEMACYARIbMEMACYARIcGENd2025-06-12eministerio de culturaf9789586656399l0o303.66 B83pp9789586656399r2025-07-14 10:34:15tEj.1w2025-07-14yBK 00102ddc40708GENaMEMAPJGAbMEMAPJGAcGENd2025-07-17l0o303.66 B83ppMPJG00409r2025-07-17 17:47:29tEj.1w2025-07-17yBK 00102ddc40708GENaMECUMARAbMECUMARAcGENd2025-09-12fSALA GENERAL 3Al0o303.66 B83ppMECUM00968r2025-09-12 21:13:00tEj.1w2025-09-12yBK 00102ddc4070aMELAJULIbMELAJULIcGENd2026-01-29l0o303.66 B83ppJUL00158r2026-01-29 18:48:57tEj.1w2026-01-29yBK 00102lcc40708GENaMEPCONCObMEPCONCOcGENd2026-02-02l0o303.66 B83ppPCON00492r2026-02-02 16:23:07tEj.1w2026-02-02yBK